Most Popular Music Artists By Year (1960-2009) - Statistics

General Stats
  • This quiz has been taken 247 times
  • The average score is 21 of 50
Answer Stats
Tier City % Correct
1963 The Beatles
93%
1964 The Beatles
93%
1965 The Beatles
93%
1967 The Beatles
93%
1969 The Beatles
93%
1986 Michael Jackson
86%
1960 Elvis Presley
75%
1961 Elvis Presley
75%
1968 The Rolling Stones
65%
2003 50 Cent
61%
1970 Elton John
57%
1974 Elton John
57%
1998 Janet Jackson
56%
1962 Elvis Presley
54%
1973 Led Zeppelin
49%
1990 Nirvana
49%
1991 Nirvana
49%
1993 Nirvana
49%
2008 Taylor Swift
49%
1966 The Beach Boys
42%
1972 The Eagles
41%
1975 The Eagles
41%
1976 ABBA
40%
1979 ABBA
40%
2007 Rihanna
40%
1984 Prince
39%
1988 Guns N Roses
37%
1992 Guns N Roses
37%
2009 Kanye West
37%
1997 Backstreet Boys
32%
1985 Bruce Springsteen
31%
1977 Fleetwood Mac
30%
1982 The Police
29%
1983 The Police
29%
1987 Aerosmith
27%
2004 Green Day
24%
2005 Green Day
24%
1995 Oasis
23%
1978 Van Halen
23%
1980 Van Halen
23%
2000 Red Hot Chili Peppers
20%
2002 Red Hot Chili Peppers
20%
1994 Pearl Jam
19%
1999 Pearl Jam
19%
1981 Journey
18%
1989 Motley Crue
10%
2001 Nickelback
7%
2006 Nickelback
7%
1996 Smashing Pumpkins
6%
1971 Three Dog Night
4%
No matching quizzes found
Score Distribution
Percent of People with Each Score
Percentile by Number Answered
Your Score History
You have not taken this quiz